<?xml version="1.0" encoding="utf-8"?>
<?xml-stylesheet type='text/xsl' href='./oai2.xsl'?>
<OAI-PMH xmlns="http://www.openarchives.org/OAI/2.0/" xmlns:xsi="http://www.w3.org/2001/XMLSchema-instance" xsi:schemaLocation="http://www.openarchives.org/OAI/2.0/ http://www.openarchives.org/OAI/2.0/OAI-PMH.xsd">
  <responseDate>2026-06-05T07:03:48Z</responseDate>
  <request verb="GetRecord" metadataPrefix="marcxml" identifier="record_kuniweb_21927">https://kulturerbe.niedersachsen.de/oai</request>
  <GetRecord>
    <record>
      <header>
        <identifier>record_kuniweb_21927</identifier>
        <datestamp>2015-06-19T12:07:43Z</datestamp>
        <setSpec>slg0103</setSpec>
      </header>
      <metadata>
        <marc:record xmlns:marc="http://www.loc.gov/MARC21/slim" xsi:schemaLocation="http://www.loc.gov/MARC21/slim http://www.loc.gov/standards/marcxml/schema/MARC21slim.xsd">
          <marc:leader>12345nem  22     uu 4500</marc:leader>
          <marc:controlfield tag="001">21927</marc:controlfield>
          <marc:controlfield tag="003">http://kuniweb.gbv.de</marc:controlfield>
          <marc:controlfield tag="005">2015-04-14T11:30:19</marc:controlfield>
          <marc:controlfield tag="008">|           ||||||||||||||||||||||</marc:controlfield>
          <marc:datafield tag="245" ind1="1" ind2="0">
            <marc:subfield code="a">Ducatus Luneburgensis adiacentiumque regionum delineatio</marc:subfield>
          </marc:datafield>
          <marc:datafield tag="700" ind1="1" ind2=" ">
            <marc:subfield code="a">Mellinger</marc:subfield>
            <marc:subfield code="d">* 1538 † 1603</marc:subfield>
            <marc:subfield code="e">Zeichner</marc:subfield>
            <marc:subfield code="e">Vorbild / Ideengeber</marc:subfield>
          </marc:datafield>
          <marc:datafield tag="655" ind1=" " ind2="7">
            <marc:subfield code="a">Karten</marc:subfield>
          </marc:datafield>
          <marc:datafield tag="046" ind1=" " ind2=" ">
            <marc:subfield code="k">1592</marc:subfield>
            <marc:subfield code="k">Entstehung der Vorlage 1592</marc:subfield>
          </marc:datafield>
          <marc:datafield tag="260" ind1=" " ind2=" ">
            <marc:subfield code="g">1592</marc:subfield>
            <marc:subfield code="g">Entstehung der Vorlage 1592</marc:subfield>
          </marc:datafield>
          <marc:datafield tag="300" ind1=" " ind2=" ">
            <marc:subfield code="a">Höhe: 38 cm
Breite: 49 cm</marc:subfield>
          </marc:datafield>
          <marc:datafield tag="520" ind1=" " ind2=" ">
            <marc:subfield code="a">Maßstäbe (in cm): 5 gewöhnliche deutsche Meilen = 7,8 – 7 gewöhnliche französische Meilen = 8,1
Ausrichtung: Norden
Rückseite: leer

Anmerkungen: 
Der am Hof in Celle als Arzt angestellte Mellinger hat das lüneburgische Territorium auf Kosten Brandenburgs und Verdens kartographisch erweitert. – Der Hinweis auf Canabulae lunaburgicaae (Entwässerungsgräben) in der Soltauer Heide ist bei Mellinger noch nicht vorhanden. Vorliegender Nachstich ist etwas vereinfacht.

Literatur in Zusammenhang:
Otto von Boehn: Die Landtafel des Herzogtums Lüneburg, in Der Sachsenspiegel 9/1929, S. 65 bis 67; 10/1929, S. 73 bis 75

Literatur in Zusammenhang:
C. Koeman und Krogt, P. C. J. van der, „The folio atlases published by Gerard Mercator, Jodocus Hondius, Henricus Hondius, Johannes Janssonius and their successors. Koeman's atlantes Neerlandici ; Vol. 1“. HES, 't Goy-Houten, 1997. (S. 600 Nr. 2265:1.1, 1:202 oder 1:221)

Beschrieben in:
J. Mellinger, Aufgebauer, P., und Schubert, E., „Atlas des Fürstentums Lüneburg um 1600 : [Ernst Schubert zum 60. Geburtstag] = Lunæburgici Ducatus accurata et exquisita descriptio chorographica. Lunæburgici Ducatus accurata et exquisita descriptio chorographica. Veröffentlichungen des Instituts für Historische Landesforschung der Universität Göttingen ; 41“. Verl. für Regionalgeschichte, Bielefeld, 2001. (passim und Anlage 2)

Literatur in Zusammenhang:
B. Streich, „Stadt - Land - Schloss : Celle als Residenz ; Begleitband zur Ausstellung. Celler Beiträge zur Landes- und Kulturgeschichte ; 29“. Verl. für Regionalgeschichte, Bielefeld, 2000. (Uwe Oainski: Johannes Mellinger und der Ämteratlas des Fürstentums Lüneburg aus dem 16. Jahrhundert, S. 204 ff.)

Literatur in Zusammenhang:
E. Jäger und Scharfe, W., „Johannes Mellinger und die erste Landesvermessung des Fürstentums Lüneburg: ein Beitrag zur Renaissancekartographie im norddeutschen Raum. Duisburger Forschungen; 42“. Walter Braun, Duisburg, S. 121-136, 1996. (S. 129 ff)

Veröffentlicht in:
I. Iansonius, „Reipublicae Genuensis Ducatus Et Dominii Nova Discrip. Atlantis Maioris Appendix, Sive Pars Altera; [56]“. [Ioannis Ianzonius], Amstelodami//Amsterdam, 1630.</marc:subfield>
          </marc:datafield>
          <marc:datafield tag="650" ind1="1" ind2=" ">
            <marc:subfield code="a">Landkarte</marc:subfield>
          </marc:datafield>
          <marc:datafield tag="773" ind1="0" ind2=" ">
            <marc:subfield code="t">Sammlung Körber-Einbeck</marc:subfield>
          </marc:datafield>
          <marc:datafield tag="852" ind1=" " ind2=" ">
            <marc:subfield code="a">Institut für Historische Landesforschung der Universität Göttingen</marc:subfield>
          </marc:datafield>
          <marc:datafield tag="" ind1=" " ind2=" ">
            <marc:subfield code="a">Namensnennung-Nicht kommerziell 4.0 International (CC BY-NC 4.0))</marc:subfield>
          </marc:datafield>
        </marc:record>
      </metadata>
    </record>
  </GetRecord>
</OAI-PMH>
